000 00587nam a22001817a 4500
999 _c166221
_d166221
005 20190717111512.0
010 _aENG-125962
020 _a9789386767483
_c599.00
035 _aEN-109494
037 _bDBAD/PUB
082 _a230.3
100 _aAnnie Ali Khan
245 _aSita under the crescent moon :
_cby Annie Ali Khan
_ba woman's search for faith in Pakistan /
260 _aNew Delhi
_bSimon and Schuster
_c2019
270 _a818, Indraprakash Building , 21 Barakhamba Road
_bNew Delhi
_e110001
300 _a312p.
_c23cm(Hb)
942 _2ddc
_cEN
_h230.3
_mANN